000
00358nam a22001577a 4500
003
MPLRDC
005
20220104123426.0
008
210129b ||||| |||| 00| 0 eng d
082
_a
958 LJS v.165
100
_a
郎静山发行
245
_a
中国摄影. 一六五
_c
260
_a
_b
不详
_c
300
_b
平
650
_a
942
_c
BK
_o
958 LJS v.165
999
_c
11330
_d
11320